UM Logo

Modeling the Fluctuation of Seaweed Price in the Livelihood of the Planters in Badiang, Sinawilan, Digos City/ (Record no. 7327)

MARC details
000 -LEADER
fixed length control field 00656nam a22001577a 4500
008 - FIXED-LENGTH DATA ELEMENTS--GENERAL INFORMATION
fixed length control field 170817b xxu||||| |||| 00| 0 eng d
082 ## - DEWEY DECIMAL CLASSIFICATION NUMBER
Edition number 2016
Classification number UT 0869
Item number Sa55
100 ## - MAIN ENTRY--PERSONAL NAME
9 (RLIN) 22265
Personal name Sanchez, Fearly Jean C.
245 ## - TITLE STATEMENT
Title Modeling the Fluctuation of Seaweed Price in the Livelihood of the Planters in Badiang, Sinawilan, Digos City/
Statement of responsibility, etc. Fearly Jean C. Sanchez, Lyca G. Bedolido, Claudine A. Sasi.
260 ## - PUBLICATION, DISTRIBUTION, ETC. (IMPRINT)
Place of publication, distribution, etc. Digos City:
Name of publisher, distributor, etc. UMDC
Date of publication, distribution, etc. April 2016.
300 ## - PHYSICAL DESCRIPTION
Extent 51 pages;
Dimensions 30 cm.
650 #0 - SUBJECT ADDED ENTRY--TOPICAL TERM
9 (RLIN) 22266
Topical term or geographic name as entry element Business Administration
Form subdivision Financial Management
General subdivision Undergraduate thesis.
700 ## - ADDED ENTRY--PERSONAL NAME
9 (RLIN) 22267
Personal name Bedolido, Lyca G.
700 ## - ADDED ENTRY--PERSONAL NAME
9 (RLIN) 22268
Personal name Sasi, Claudine A.
942 ## - ADDED ENTRY ELEMENTS (KOHA)
Source of classification or shelving scheme Dewey Decimal Classification
Koha item type Undergraduate Thesis
Holdings
Withdrawn status Lost status Source of classification or shelving scheme Damaged status Not for loan Collection code Home library Current library Date acquired Total Checkouts Full call number Barcode Date last seen Copy number Price effective from Koha item type
    Dewey Decimal Classification     Undergraduate Theses UM Digos College - LIC UM Digos College - LIC 06/20/2017   UT 0869 Sa55 UT0869 08/17/2017 1 08/17/2017 Undergraduate Thesis